1381 1602 1735 1294 1552 1048 1148 1731 1099 1247 1714 1695 1831 1574 1135 1900 1683 1345 1187 1140 1952 1113 1399 1849 1657 1924 1772 1970 1350 1436 1882 1001 1836 1983 1988 1762 1311 1039 1720 1208 1984 1747 1752 1358 1260 1587 1128 1707 1936 1987 1813 1862 1623 1835 1791 1719 1176 1529 1181 1029 1681 1584 1204 1773 1981 1062 1507 1917 1827 1472 1795 1391 1656 1899 1807 1279 1543 1296 1153 1887 1828 1927 1874 1465 1594 1317 1127 1360 1628 1620 1185 1923 1762 1475 1287 1048 1311 1450 1818 BCNSPRNW ULIB Ver.6.0+V

เปลี่ยนเป็นภาษาไทย

Change to English
 แสดงรายละเอียดบรรณานุกรม
  กลับหน้าหลัก

Brief Record : Get Marc (ISO 2709) : E-mail record : QR code < ปิดหน้าต่าง
LEADER : 00000nam 2200000uu 4500
001    13399113073
003     ULIB
008    110923s2552||||th 000 0 tha d
020    9786167013008
050 04 PE1131.T5^bอ382อ 2552
100 0  อรสิริ วิมลธรรม
245 10 อยากให้ลูกเก่งภาษาอังกฤษต้องมีวิธีสอน /^cอรสิริ วิมลธรรม
260    กรุงเทพฯ :^bMINIBEAR,^c2552
300    263 หน้า ;^c21 ซม
505 2  สอนให้ลูกรู้จักภาษา (พูด) --สอนให้ลูกเรียนรู้และเข้าใจเมื่อต้องห่างไกลจากพ่อแม่ -- แม่ช่วยได้...ไม่ให้ลูกก้าวร้าว -- ลูกเรียนจากนิทาน -- แม่ซีเรียส...เรื่องซีเรียล -- สอนลูกให้จำง่าย -- ลูกถนัดซ้ายหรือขวาดีกว่ากัน -- เด็กกลัวการเข้าสังคม...แก้ไขได้ด้วยวิธีใดบ้าง -- สอนลูกให้ไม่กลัว -- สอนลูกเข้าสังคม -- ผลร้ายจากการตามใจลูก -- ทีวี...ภัยร้ายที่ (อาจ) ทำลายพัฒนาการของลูก -- การพัฒนาสมองกับอุบัติเหตุ -- ของเล่นดีๆ ช่วยทำให้ลูกสมองดีได้ -- ลูกคิด...ช่วยให้ลูกหัดคิดหัดเรียนรู้ -- สอนเรื่องการเกิดให้ลูกเข้าใจ -- สังเกตลูกว่าเป็นเด็กออทิสติกหรือไม่ -- ให้ลูกเล่นอินเตอร์เน็ตได้อย่างปลอดภัย สบายใจพ่อแม่ -- พาลูกให้ใกล้ชิดธรรมชาติอย่างมีความสุข -- ดนตรีคลาสสิก...ช่วยสร้างพัฒนาการที่ดีให้แก่ลูก -- อุบัติเหตุที่ (อาจ) เกิดขึ้นได้กับลูกน้อย -- ความภูมิใจของคนเป็นแม่ -- ให้ลูกเล่นกับเด็กโตกว่า ทำให้ลูกมีพัฒนาการที่ดีขึ้น -- ฝึกลูกให้พูดภาษาไทยให้ชัดเจนและถูกต้อง -- พาลูกดูข่าว -- สอนลูกให้รักสัตว์และเลือกสิ่งของด้วยตัวเอง -- เลือกของเล่นให้ลูก -- โยคะสำหรับลูกน้อย -- เด็กเก่งและฉลาดมีลักษณะอย่างไร
650  7 ภาษาอังกฤษ^xการศึกษาและการสอน
650  7 เด็ก^xภาษา
650  7 เด็ก^xการเลี้ยงดู
650  7 จิตวิทยาพัฒนาการ
945    ^p195^l0^i027359
945    ^p195^l0^i027360
995    ทศพร
999 ^a ศิริพร
รายการนี้ยังไม่มีแท็ก
คุณยังไม่ได้ล็อกอิน คุณสามารถมีกิจกรรมร่วมกับเว็บไซต์ได้ แต่ต้องล็อกอินก่อน ::
  ล็อกอิน

รายการสื่อสารสนเทศ

ลำดับที่ ประเภท เลขเรียก/บาร์โค้ด สถานที่ สถานะ
- ไม่พบข้อมูล -

รายการใกล้เคียง
    หัวเรื่อง [ภาษาอังกฤษ การศึกษาและการสอน]
    หัวเรื่อง [จิตวิทยาพัฒนาการ]

BibComment


ยังไม่เคยถูกคอมเมนท์

คอมเมนท์ทรัพยากรรายการนี้
  คอมเมนท์: อยากให้ลูกเก่งภาษ..


 Copyright 2026. Bcnsprnw @Library